000 00302nam a22001217a 4500
008 171220b xxu||||| |||| 00| 0 eng d
041 _aeng
080 _a616.12-0.08-073
100 _a7
101 _aSHM
245 _aNATIONAL GUIDELINES AND TOOLS FOR CARDIOVASCULAR
_cMARY.A
942 _2udc
_cBK
999 _c39209
_d39209